LEADER 01055nam0-22003491i-450- 001 990008024670403321 005 20091113104318.0 010 $a88-458-1132-8 035 $a000802467 035 $aFED01000802467 035 $a(Aleph)000802467FED01 035 $a000802467 100 $a20050316d2004----km-y0itay50------ba 101 0 $aita 102 $aIT 105 $ay-------001yy 200 1 $a<> bilanci consuntivi delle amministrazioni provinciali$eanno 2001$fIstituto Nazionale di Statistica$ga cura di Claudia Tinelli 210 $aRoma$cIstat$d2004 215 $a35 p.$d30 cm$e1 cd rom 225 1 $aInformazioni$fIstat$isettore pubblica amministrazione$v23 610 0 $aStatistiche finanziarie 676 $a352.01 710 02$aIstat$0374421 801 0$aIT$bUNINA$gRICA$2UNIMARC 901 $aBK 912 $a990008024670403321 952 $aCDI-I-23-04-2$b10096$fMAS 952 $a31(05)$fDAGEA 959 $aMAS 959 $aDAGEA 996 $aBilanci consuntivi delle amministrazioni provinciali$9416714 997 $aUNINA LEADER 01099nam0-2200349---450- 001 990008545960403321 005 20070903120914.0 010 $a1-58488-480-0 035 $a000854596 035 $aFED01000854596 035 $a(Aleph)000854596FED01 035 $a000854596 100 $a20070903d2007----km-y0itay50------ba 101 0 $aeng 102 $aUS 105 $aa-------001yy 200 1 $aLinear mixed models$ea practical guide using statistical software$fBrady T. West, Kathleen B. Welch, Andrzej T. Galecki$gwith contributions from Brenda W. Gillespie 210 $aBoca Raton$cChapman & Hall/CRC$d2007 215 $aXX, 353 p.$cill.$d24 cm 610 0 $aStatistica$aModelli lineari 676 $a519.53$v21$zita 700 1$aWest,$bBrady T.$0307232 701 1$aWelch,$bKathleen B.$0312324 701 1$aGalecki,$bAndrzej T.$0431333 702 1$aGillespie,$bBrenda W. 801 0$aIT$bUNINA$gRICA$2UNIMARC 901 $aBK 912 $a990008545960403321 952 $aVI E 1262$b42964$fFSPBC 959 $aFSPBC 996 $aLinear mixed models$9709763 997 $aUNINA